Tilastot visalle Suomen lakisääteiset juhlapäivät

Klikkaa tästä pelataksesi tätä visaa!

Yleistilastot

  • Tätä visaa on pelattu 728 kertaa
  • Keskiarvotulos 10 / 13

Vastaustilastot

Juhlapäivä% Oikein
Joulupäivä
99%
Tapaninpäivä
99%
Pääsiäispäivä
96%
Toinen pääsiäispäivä
96%
Juhannuspäivä
95%
Vappu
89%
Uudenvuodenpäivä
87%
Itsenäisyyspäivä
85%
Helatorstai
72%
Loppiainen
61%
Pitkäperjantai
54%
Helluntaipäivä
53%
Pyhäinpäivä
32%

Tulosjakauma

Persentiili vastausten määrän mukaan

Jokaisen tuloksen saaneiden osuus

Tuloshistoriasi

Et ole pelannut tätä visaa